|
|
|
|
| LEADER |
00000nam a22000007a 4500 |
| 005 |
20130429170245.0 |
| 007 |
cr|||| |||| |
| 008 |
130429e2008 it |||||s|||| 00||0 ita d |
| 020 |
|
|
|a 9788884227812
|
| 035 |
|
|
|a 11201
|
| 040 |
|
|
|a vLex
|
| 090 |
|
|
|c 4216
|d 4216
|
| 100 |
1 |
0 |
|a Veneto, Gaetano
|
| 245 |
1 |
0 |
|a Sicurezza nei luoghi di lavoro
|c / Gaetano Veneto
|h [Recurso electrn̤ico]
|
| 256 |
|
|
|a Servicio en ln̕ea
|
| 260 |
|
|
|a Bari :
|b Cacucci Editore,
|c 2008
|
| 300 |
|
|
|a 1 Recurso electrn̤ico
|
| 506 |
|
|
|d vLex Global
|d vLex Global (Academic Edition, excluding Law Schools)
|d vLex Global (U.S. Academic Edition, Law Schools)
|d vLex Global (U.S. Academic Edition, excluding Law Schools)
|d vLex Global (Academic Edition, Law Schools)
|
| 650 |
0 |
4 |
|a Derecho laboral y Seguridad Social
|z Italia
|
| 650 |
0 |
4 |
|a Prevencin̤ de riesgos laborales
|z Italia
|
| 740 |
|
|
|a vLex Libros (Servicio en ln̕ea)
|
| 856 |
|
|
|a Acceso restringido
|u http://www.vlex.com/source/11201
|
| 942 |
|
|
|c BOOK
|
| 999 |
|
0 |
|a Labor law and legislation
|